<?xml version="1.0" encoding="UTF-8"?>
<record
    xmlns:xsi="http://www.w3.org/2001/XMLSchema-instance"
    xsi:schemaLocation="http://www.loc.gov/MARC21/slim http://www.loc.gov/standards/marcxml/schema/MARC21slim.xsd"
    xmlns="http://www.loc.gov/MARC21/slim">

  <leader>00869nam a22001337a 4500</leader>
  <datafield tag="040" ind1=" " ind2=" ">
    <subfield code="c">RUA</subfield>
  </datafield>
  <datafield tag="082" ind1=" " ind2=" ">
    <subfield code="a">AED ROT 2016 B650 Or.1</subfield>
  </datafield>
  <datafield tag="100" ind1=" " ind2=" ">
    <subfield code="a">ROTH SREYVANG &#x179A;&#x17D0;&#x178F;&#x17D2;&#x1798; &#x179F;&#x17D2;&#x179A;&#x17B8;&#x179C;&#x17C9;&#x17B6;&#x1784;</subfield>
  </datafield>
  <datafield tag="245" ind1=" " ind2=" ">
    <subfield code="a">the study on business on fruit trees of MRS. srey pich's natural at preak peusy village prek reusy commune takhmao city kandal province &#x1780;&#x17B6;&#x179A;&#x179F;&#x17B7;&#x1780;&#x17D2;&#x179F;&#x17B6;&#x179A;&#x17A2;&#x17C6;&#x1796;&#x17B8;&#x17A2;&#x17B6;&#x1787;&#x17B8;&#x179C;&#x17B6;&#x1780;&#x1798;&#x17D2;&#x1798;&#x179B;&#x1780;&#x17CB;&#x1780;&#x17BC;&#x1788;&#x17BE;&#x17A0;&#x17BC;&#x1794;&#x1795;&#x17D2;&#x179B;&#x17C2;&#x179A;&#x1794;&#x179F;&#x17CB;&#x179F;&#x17BD;&#x1793; &#x1792;&#x1798;&#x17D2;&#x1798;&#x1787;&#x17B6;&#x178F;&#x17B7; &#x179F;&#x17D2;&#x179A;&#x17B8;&#x1796;&#x17C1;&#x1787;&#x17D2;&#x179A; &#x1793;&#x17C5;&#x1797;&#x17BC;&#x1798;&#x17B7;&#x1796;&#x17D2;&#x179A;&#x17C2;&#x1780;&#x17AC;&#x179F;&#x17D2;&#x179F;&#x17B8; &#x1783;&#x17BB;&#x17C6; &#x1796;&#x17D2;&#x179A;&#x17C2;&#x1780;&#x17AC;&#x179F;&#x17D2;&#x179F;&#x17B8;&#x1780;&#x17D2;&#x179A;&#x17BB;&#x1784;&#x178F;&#x17B6;&#x1781;&#x17D2;&#x1798;&#x17C5; &#x1781;&#x17C1;&#x178F;&#x17D2;&#x178F;&#x1780;&#x178E;&#x17D2;&#x178F;&#x17B6;&#x179B;</subfield>
  </datafield>
  <datafield tag="260" ind1=" " ind2=" ">
    <subfield code="a">RUA</subfield>
    <subfield code="b">Phnom Penh</subfield>
  </datafield>
  <datafield tag="300" ind1=" " ind2=" ">
    <subfield code="a">xi;58p</subfield>
    <subfield code="b">ill;</subfield>
    <subfield code="c">29cm</subfield>
  </datafield>
  <datafield tag="856" ind1=" " ind2=" ">
    <subfield code="u">https://drive.google.com/file/d/1ZObnW4YMjmqndWKy1NjYqUKxkOyy3uWu/view?usp=sharing</subfield>
  </datafield>
  <datafield tag="942" ind1=" " ind2=" ">
    <subfield code="c">AED</subfield>
  </datafield>
  <datafield tag="999" ind1=" " ind2=" ">
    <subfield code="c">18402</subfield>
    <subfield code="d">18402</subfield>
  </datafield>
  <datafield tag="952" ind1=" " ind2=" ">
    <subfield code="0">0</subfield>
    <subfield code="1">0</subfield>
    <subfield code="2">ddc</subfield>
    <subfield code="4">0</subfield>
    <subfield code="6">AED_ROT_2016_000000000000000_B650_OR_1</subfield>
    <subfield code="7">0</subfield>
    <subfield code="9">82394</subfield>
    <subfield code="a">LBB</subfield>
    <subfield code="b">LBB</subfield>
    <subfield code="c">B650</subfield>
    <subfield code="d">2019-11-18</subfield>
    <subfield code="o">AED ROT 2016 B650 Or.1</subfield>
    <subfield code="p">A44360</subfield>
    <subfield code="r">2019-11-18</subfield>
    <subfield code="w">2019-11-18</subfield>
    <subfield code="y">AED</subfield>
  </datafield>
  <datafield tag="952" ind1=" " ind2=" ">
    <subfield code="0">0</subfield>
    <subfield code="1">0</subfield>
    <subfield code="2">ddc</subfield>
    <subfield code="4">0</subfield>
    <subfield code="6">AED_ROT_2016_000000000000000_B650_OR_2</subfield>
    <subfield code="7">0</subfield>
    <subfield code="9">82395</subfield>
    <subfield code="a">LBB</subfield>
    <subfield code="b">LBB</subfield>
    <subfield code="c">B650</subfield>
    <subfield code="d">2019-11-18</subfield>
    <subfield code="o">AED ROT 2016 B650 Or.2</subfield>
    <subfield code="p">A43683</subfield>
    <subfield code="r">2019-11-18</subfield>
    <subfield code="w">2019-11-18</subfield>
    <subfield code="y">AED</subfield>
  </datafield>
  <datafield tag="952" ind1=" " ind2=" ">
    <subfield code="0">0</subfield>
    <subfield code="1">0</subfield>
    <subfield code="2">ddc</subfield>
    <subfield code="4">0</subfield>
    <subfield code="6">AED_ROT_2016_000000000000000_B650_OR_3</subfield>
    <subfield code="7">0</subfield>
    <subfield code="9">82396</subfield>
    <subfield code="a">LBB</subfield>
    <subfield code="b">LBB</subfield>
    <subfield code="c">B650</subfield>
    <subfield code="d">2019-11-18</subfield>
    <subfield code="o">AED ROT 2016 B650 Or.3</subfield>
    <subfield code="p">A42450</subfield>
    <subfield code="r">2019-11-18</subfield>
    <subfield code="w">2019-11-18</subfield>
    <subfield code="y">AED</subfield>
  </datafield>
  <datafield tag="952" ind1=" " ind2=" ">
    <subfield code="0">0</subfield>
    <subfield code="1">0</subfield>
    <subfield code="2">ddc</subfield>
    <subfield code="4">0</subfield>
    <subfield code="6">AED_ROT_2016_000000000000000_B650_OR_4</subfield>
    <subfield code="7">0</subfield>
    <subfield code="9">82397</subfield>
    <subfield code="a">LBB</subfield>
    <subfield code="b">LBB</subfield>
    <subfield code="c">B650</subfield>
    <subfield code="d">2019-11-18</subfield>
    <subfield code="o">AED ROT 2016 B650 Or.4</subfield>
    <subfield code="p">A42460</subfield>
    <subfield code="r">2019-11-18</subfield>
    <subfield code="w">2019-11-18</subfield>
    <subfield code="y">AED</subfield>
  </datafield>
  <datafield tag="952" ind1=" " ind2=" ">
    <subfield code="0">0</subfield>
    <subfield code="1">0</subfield>
    <subfield code="2">ddc</subfield>
    <subfield code="4">0</subfield>
    <subfield code="6">AED_ROT_2016_000000000000000_B650_OR_5</subfield>
    <subfield code="7">0</subfield>
    <subfield code="9">82398</subfield>
    <subfield code="a">LBB</subfield>
    <subfield code="b">LBB</subfield>
    <subfield code="c">B650</subfield>
    <subfield code="d">2019-11-18</subfield>
    <subfield code="o">AED ROT 2016 B650 Or.5</subfield>
    <subfield code="p">A43948</subfield>
    <subfield code="r">2019-11-18</subfield>
    <subfield code="w">2019-11-18</subfield>
    <subfield code="y">AED</subfield>
  </datafield>
  <datafield tag="952" ind1=" " ind2=" ">
    <subfield code="0">0</subfield>
    <subfield code="1">0</subfield>
    <subfield code="2">ddc</subfield>
    <subfield code="4">0</subfield>
    <subfield code="6">AED_ROT_2016_000000000000000_B650_OR_6</subfield>
    <subfield code="7">0</subfield>
    <subfield code="9">82399</subfield>
    <subfield code="a">LBB</subfield>
    <subfield code="b">LBB</subfield>
    <subfield code="c">B650</subfield>
    <subfield code="d">2019-11-18</subfield>
    <subfield code="o">AED ROT 2016 B650 Or.6</subfield>
    <subfield code="p">A44200</subfield>
    <subfield code="r">2019-11-18</subfield>
    <subfield code="w">2019-11-18</subfield>
    <subfield code="y">AED</subfield>
  </datafield>
</record>
